[Event "ARG-ch Amateur U2000"]
[Site "Termas de Rio Hondo"]
[Date "2017.11.17"]
[Round "1.2"]
[White "Vergara, Agustin"]
[Black "Rodriguez Lezcano, Matias"]
[Result "0-1"]
[WhiteElo "1819"]
[BlackElo "1995"]
[PlyCount "52"]
[EventDate "2017.11.17"]
[EventType "swiss"]
[EventRounds "9"]
[EventCountry "ARG"]
[SourceTitle "EXT 2024"]
[Source "ChessBase"]
[SourceDate "2023.10.10"]
[SourceVersion "1"]
[SourceVersionDate "2023.10.10"]
[SourceQuality "1"]

1. Nf3 Nf6 2. g3 b6 3. d3 Bb7 4. Bg2 e6 5. 0-0 Be7 6. e4 d6 7. Nbd2 Nbd7 8. Qe2 c5 9. Nc4 0-0 10. a4 Qc7 11. Bf4 e5 12. Bd2 Rfe8 13. Nh4 d5 14. Na3 a6 15. Nf5 Bf8 16. g4 g6 17. Nh6+ Kg7 18. g5 Nh5 19. Qf3 f6 20. Bh3 Nf4 21. Bxf4 exf4 22. exd5 fxg5 23. Bxd7 Qxd7 24. c4 Kxh6 25. h4 Re5 26. Kg2 Rxd5 0-1

[Event "General La Madrid U2200 1st"]
[Site "General La Madrid"]
[Date "2017.11.04"]
[Round "5.2"]
[White "Sapienza, Julian"]
[Black "Vergara, Agustin"]
[Result "1-0"]
[WhiteElo "2112"]
[BlackElo "1819"]
[PlyCount "121"]
[EventDate "2017.11.03"]
[EventType "swiss"]
[EventRounds "7"]
[EventCountry "ARG"]
[SourceTitle "EXT 2024"]
[Source "ChessBase"]
[SourceDate "2023.10.10"]
[SourceVersion "1"]
[SourceVersionDate "2023.10.10"]
[SourceQuality "1"]

1. e4 c5 2. Nf3 Nc6 3. d4 cxd4 4. Nxd4 Nf6 5. Nc3 e5 6. Ndb5 Bb4 7. Bg5 d6 8. a3 Bxc3+ 9. bxc3 Ke7 10. a4 h6 11. Bxf6+ gxf6 12. Qd3 a6 13. Na3 Be6 14. Rb1 Qc7 15. Be2 Rad8 16. Bf3 Rd7 17. 0-0 h5 18. Qe3 Na5 19. Rb4 Qc5 20. Qxc5 dxc5 21. Rb6 h4 22. h3 Rd6 23. Rfb1 Rxb6 24. Rxb6 Rd8 25. Nb1 Rd6 26. Rxd6 Kxd6 27. Nd2 Bd7 28. Bd1 Bxa4 29. Nf3 Nc4 30. Nxh4 Nb2 31. Nf5+ Kd7 32. h4 Ke8 33. h5 Kf8 34. h6 Kg8 35. Bh5 Bd7 36. Nd6 Kh7 37. Nxb7 Kxh6 38. Bxf7 Na4 39. c4 Bc6 40. Nd6 Nc3 41. Bd5 Ba4 42. f3 Bxc2 43. Nb7 Na4 44. Kf2 Kg5 45. Bc6 Nb6 46. Nxc5 a5 47. Ne6+ Kg6 48. Be8+ Kh6 49. c5 Nc8 50. Ke3 a4 51. Kd2 Bb3 52. Bd7 a3 53. Kc3 Bxe6 54. Bxe6 Ne7 55. Bd7 Kg5 56. g3 f5 57. exf5 a2 58. Kb2 a1Q+ 59. Kxa1 Nxf5 60. Bxf5 Kxf5 61. g4+ 1-0

[Event "Daireaux U2200 1st"]
[Site "Daireaux"]
[Date "2017.07.08"]
[Round "5.5"]
[White "Vergara, Agustin"]
[Black "Pereyra, Horacio"]
[Result "0-1"]
[WhiteElo "1845"]
[BlackElo "2061"]
[PlyCount "57"]
[EventDate "2017.07.07"]
[EventType "swiss"]
[EventRounds "7"]
[EventCountry "ARG"]
[SourceTitle "EXT 2024"]
[Source "ChessBase"]
[SourceDate "2023.10.10"]
[SourceVersion "1"]
[SourceVersionDate "2023.10.10"]
[SourceQuality "1"]

1. Nf3 c5 2. d3 Nc6 3. g3 d6 4. Bg2 g6 5. 0-0 Bg7 6. c3 e5 7. e4 Nge7 8. Nbd2 0-0 9. a4 h6 10. h3 Be6 11. Nc4 Qd7 12. Kh2 Rad8 13. Ne3 d5 14. exd5 Nxd5 15. Qe2 Nxe3 16. Qxe3 b6 17. Ne1 Rfe8 18. Qe4 Na5 19. Be3 c4 20. d4 exd4 21. cxd4 Bxh3 22. Qh4 Bxg2 23. Nxg2 Qe7 24. Qh3 Qe6 25. Qxe6 Rxe6 26. Nf4 Red6 27. Ne2 Nb3 28. Rad1 g5 29. f4 0-1

[Event "Daireaux U2200 1st"]
[Site "Daireaux"]
[Date "2017.07.07"]
[Round "2.4"]
[White "Valli, Americo"]
[Black "Vergara, Agustin"]
[Result "1-0"]
[WhiteElo "1988"]
[BlackElo "1845"]
[PlyCount "50"]
[EventDate "2017.07.07"]
[EventType "swiss"]
[EventRounds "7"]
[EventCountry "ARG"]
[SourceTitle "EXT 2024"]
[Source "ChessBase"]
[SourceDate "2023.10.10"]
[SourceVersion "1"]
[SourceVersionDate "2023.10.10"]
[SourceQuality "1"]

1. b3 e5 2. Bb2 Nf6 3. Bxe5 Nc6 4. Bg3 h5 5. Nf3 d5 6. e3 Ne4 7. Bb5 Nxg3 8. hxg3 Bg4 9. d4 a6 10. Be2 Bb4+ 11. c3 Bd6 12. Nbd2 Qe7 13. Qc2 f5 14. Nh4 Qe6 15. Nhf3 b5 16. a4 b4 17. c4 dxc4 18. Bxc4 Qe7 19. Bd5 Kf8 20. Qxc6 Rd8 21. 0-0-0 Rh6 22. Qc2 c5 23. Nc4 cxd4 24. Rxd4 Bxf3 25. gxf3 g6 1-0

[Event "Pan American-ch U2000"]
[Site "Carilo Village"]
[Date "2016.10.30"]
[Round "9"]
[White "Vergara, Agustin"]
[Black "Zimmermann, Kleber Renato P"]
[Result "0-1"]
[WhiteElo "1738"]
[BlackElo "1936"]
[PlyCount "76"]
[EventDate "2016.10.25"]
[EventType "swiss"]
[EventRounds "9"]
[EventCountry "ARG"]
[SourceTitle "EXT 2022"]
[Source "ChessBase"]
[SourceDate "2021.10.06"]
[SourceVersion "1"]
[SourceVersionDate "2021.10.06"]
[SourceQuality "1"]

1. Nf3 Nf6 2. g3 c5 3. Bg2 g6 4. c4 Bg7 5. d4 0-0 6. Nc3 cxd4 7. Nxd4 Nc6 8. Nc2 d6 9. 0-0 Be6 10. Nd5 Qd7 11. Rb1 Bh3 12. Nce3 Bxg2 13. Kxg2 Ne5 14. Nxf6+ Bxf6 15. b3 Bg7 16. Bb2 Rfd8 17. h3 Qc6+ 18. Kh2 e6 19. f4 Nd7 20. Bxg7 Kxg7 21. Qd4+ Kf8 22. f5 gxf5 23. Qh4 Qe4 24. Qxe4 fxe4 25. Rf4 Nc5 26. Rbf1 Rd7 27. b4 Na4 28. Rxe4 a5 29. Rxe6 axb4 30. Nd5 Ra5 31. Nxb4 Nc5 32. Rh6 Kg7 33. Rhf6 Ra4 34. Nd5 Rxa2 35. Nb6 Re7 36. Kg1 Ne4 37. R6f4 Nc3 38. Nd5 Nxe2+ 0-1

[Event "Pan American-ch U2000"]
[Site "Carilo Village"]
[Date "2016.10.29"]
[Round "7"]
[White "Vergara, Agustin"]
[Black "Etchevest, Marcelo"]
[Result "1/2-1/2"]
[WhiteElo "1738"]
[BlackElo "1911"]
[PlyCount "72"]
[EventDate "2016.10.25"]
[EventType "swiss"]
[EventRounds "9"]
[EventCountry "ARG"]
[SourceTitle "EXT 2022"]
[Source "ChessBase"]
[SourceDate "2021.10.06"]
[SourceVersion "1"]
[SourceVersionDate "2021.10.06"]
[SourceQuality "1"]

1. e4 d5 2. exd5 Nf6 3. d4 Bg4 4. Be2 Bxe2 5. Qxe2 Qxd5 6. Nf3 Nc6 7. Nc3 Qf5 8. Qb5 Qxb5 9. Nxb5 0-0-0 10. c3 a6 11. Na3 e5 12. Nc2 exd4 13. Nfxd4 Nxd4 14. cxd4 Nd5 15. 0-0 Be7 16. a3 Bf6 17. Bd2 Rd6 18. Bc3 Rhd8 19. Ne3 Nf4 20. Nc4 Rd5 21. g3 Ne2+ 22. Kg2 Bxd4 23. Bxd4 Nxd4 24. Rac1 Kb8 25. Rfe1 b5 26. Na5 R5d6 27. Re7 R8d7 28. Re8+ Ka7 29. Rc8 Ne6 30. b4 Kb6 31. Rb8+ Ka7 32. Rh8 Nd8 33. Rxh7 g6 34. Rh8 Rd3 35. Rxc7+ Rxc7 36. Nc6+ Rxc6 1/2-1/2

[Event "Pan American-ch U2000"]
[Site "Carilo Village"]
[Date "2016.10.27"]
[Round "5"]
[White "Serafim Junior, Arnor"]
[Black "Vergara, Agustin"]
[Result "0-1"]
[WhiteElo "1828"]
[BlackElo "1738"]
[PlyCount "70"]
[EventDate "2016.10.25"]
[EventType "swiss"]
[EventRounds "9"]
[EventCountry "ARG"]
[SourceTitle "EXT 2022"]
[Source "ChessBase"]
[SourceDate "2021.10.06"]
[SourceVersion "1"]
[SourceVersionDate "2021.10.06"]
[SourceQuality "1"]

1. c4 g6 2. Nc3 Bg7 3. g3 Nf6 4. Bg2 0-0 5. Nf3 d6 6. 0-0 Nc6 7. d3 a6 8. Rb1 e5 9. b4 Ne8 10. Qb3 h6 11. a4 f5 12. c5+ Kh7 13. cxd6 Nxd6 14. Ba3 e4 15. Nd2 Nd4 16. Qd1 exd3 17. exd3 f4 18. Nd5 f3 19. Nxf3 Bg4 20. Nf4 g5 21. Ne6 Nxe6 22. h3 Bh5 23. Qb3 Bxf3 24. Qxe6 Bxg2 25. Kxg2 Qf6 26. Qg4 Qf5 27. Qd1 Rf7 28. Rc1 Raf8 29. b5 Qd5+ 30. Kg1 Bd4 31. Rc2 Qe5 32. Kg2 Qd5+ 33. Kg1 Rf3 34. Rxc7+ Kg6 35. Bxd6 Qxd6 0-1

[Event "Pan American-ch U2000"]
[Site "Carilo Village"]
[Date "2016.10.26"]
[Round "2"]
[White "Lang, German"]
[Black "Vergara, Agustin"]
[Result "1-0"]
[WhiteElo "1832"]
[BlackElo "1738"]
[PlyCount "53"]
[EventDate "2016.10.25"]
[EventType "swiss"]
[EventRounds "9"]
[EventCountry "ARG"]
[SourceTitle "EXT 2022"]
[Source "ChessBase"]
[SourceDate "2021.10.06"]
[SourceVersion "1"]
[SourceVersionDate "2021.10.06"]
[SourceQuality "1"]

1. e4 Nf6 2. Nc3 d5 3. exd5 Nxd5 4. d4 Nxc3 5. bxc3 g6 6. Nf3 Bg7 7. Bc4 0-0 8. 0-0 Nc6 9. a4 h6 10. Ba3 Re8 11. h3 a6 12. Qe2 e6 13. Rfd1 Qf6 14. Rab1 b6 15. d5 Ne5 16. Nxe5 Qxe5 17. Qf1 Qxc3 18. Bb3 Qf6 19. Rd3 a5 20. Qe1 Ba6 21. Rf3 Qe5 22. Re3 Qf5 23. dxe6 Kh7 24. Rf3 Qg5 25. Rxf7 Bb7 26. g3 h5 27. Qc3 1-0